000 00848nam a2200253Ia 4500
003 OSt
005 20220930191924.0
006 a|||||r|||| 00| 0
007 ta
008 220926b |||||||| |||| 00| 0 eng d
024 _a9542
037 _cDissertations
040 _aCRL
_cCRL
_beng
041 _2eng
_aeng
100 _aChoudhary Tripat
_9560681
110 _aUniversity of Delhi. Faculty of Medical Sciences. Department of Obstetrics and Gynaecology
245 0 _aEvaluation of cryosurgery in the treatment of benign cervical lesions
260 _c1980
650 _aWOMEN - DISEASES
700 _a Dr P Chadha Supervisor
700 _aUniversity of Delhi. Faculty of Medical Sciences. Department of Obstetrics and Gynaecology
942 _cDIS
_2CC
999 _c894554
_d894554